Detalles MARC
| 000 -LEADER |
| fixed length control field |
02385nam a2200301Ia 4500 |
| 003 - CONTROL NUMBER IDENTIFIER |
| control field |
OSt |
| 005 - DATE AND TIME OF LATEST TRANSACTION |
| control field |
20200312134333.0 |
| 008 - FIXED-LENGTH DATA ELEMENTS--GENERAL INFORMATION |
| fixed length control field |
191128s2017 ck fr 000 0dspa d |
| 020 ## - INTERNATIONAL STANDARD BOOK NUMBER |
| International Standard Book Number |
9789585436442 |
| 040 ## - CATALOGING SOURCE |
| Original cataloging agency |
CO-JMCR |
| Transcribing agency |
CO-JMCR |
| 041 0# - LANGUAGE CODE |
| Language code of text/sound track or separate title |
spa |
| 082 04 - DEWEY DECIMAL CLASSIFICATION NUMBER |
| Classification number |
155.2 / |
| Edition number |
S685c |
| 100 1# - MAIN ENTRY--PERSONAL NAME |
| Personal name |
Soler, Joaquim, |
| Relator term |
Coordinador |
| 9 (RLIN) |
1468 |
| 245 10 - TITLE STATEMENT |
| Title |
Claves y enigmas de la personalidad : |
| Remainder of title |
¿Por qué soy así? / |
| Statement of responsibility, etc. |
coordinadores Joaquim Soler, Juan Carlos Pascual |
| 260 ## - PUBLICATION, DISTRIBUTION, ETC. |
| Place of publication, distribution, etc. |
Bogotá : |
| Name of publisher, distributor, etc. |
Circulo Cultural, |
| Date of publication, distribution, etc. |
2017 |
| 300 ## - PHYSICAL DESCRIPTION |
| Extent |
255 Páginas ; |
| Dimensions |
24 cm. |
| 490 0# - SERIES STATEMENT |
| Series statement |
Plan Nacional de Lectura y Escritura Leer es mi Cuento / Ministerio de cultura |
| 500 ## - GENERAL NOTE |
| General note |
Incluye bibliografía de los autores |
| 500 ## - GENERAL NOTE |
| General note |
Incluye notas a pie de página. |
| 504 ## - BIBLIOGRAPHY, ETC. NOTE |
| Bibliography, etc. note |
Bibliografía: páginas 231-248 |
| 505 0# - FORMATTED CONTENTS NOTE |
| Title |
¿Por qué soy así? / |
| Statement of responsibility |
Joaquim Soler |
| Title |
¿Se nace o se hace? / |
| Statement of responsibility |
Manuel Valdés Miyar |
| Title |
¿Quién y cómo soy yo? / |
| Statement of responsibility |
J. Alfonso Gutiérrez-Zotes |
| Title |
Darwin sigue siempre aquí / |
| Statement of responsibility |
Fernando Gutiérrez |
| Title |
¿Se me pasará? |
| Statement of responsibility |
Joaquim Soler y Juan Carlos Pascual |
| Title |
El sexto sentido / |
| Statement of responsibility |
Ana Martín |
| Title |
Piensa mal… ¡y acertarás! / |
| Statement of responsibility |
Joaquim Soler y Juan Carlos Pascual |
| Title |
Antes muerta que sencilla / |
| Statement of responsibility |
Daniel Vega |
| Title |
Si te vas, me mato / |
| Statement of responsibility |
Juan Carlos Pascual y Joaquim Soler |
| Title |
Encantado de haberme conocido / |
| Statement of responsibility |
Matilde Elices Armand-Ugo |
| Title |
Dicen que soy un jeta / |
| Statement of responsibility |
Beatriz Molinuevo y Rafael Torrubia |
| Title |
Mejor lo dejamos para otro día / |
| Statement of responsibility |
Joan Taberner |
| Title |
La sombra de una duda / |
| Statement of responsibility |
Cristina Carmona Farrés |
| Formatted contents note |
|
| 520 ## - SUMMARY, ETC. |
| Summary, etc. |
¿Por qué soy así? Abra este libro y descubrirá la verdad de muchas incógnitas y mitos sobre la personalidad. Sepa cómo se construyen los rasgos que nos distinguen, como la extraversión, la deseabilidad social, la impulsividad, la timidez o la ansiedad entre otros. Nacemos con una personalidad predeterminada por la herencia, pero también la vamos configurando a partir de nuestra experiencia. ¿Estamos a merced de nuestro destino o somos capaces de modificarlo?. ¿Cambia o se modifica la personalidad a lo largo de nuestra vida? ¿Es diferente en la adolescencia que en la edad adulta? Sepa a partir de qué edad se estabiliza y es más difícil modificarla. |
| 650 14 - SUBJECT ADDED ENTRY--TOPICAL TERM |
| Topical term or geographic name entry element |
Personalidad |
| 9 (RLIN) |
1469 |
| 650 14 - SUBJECT ADDED ENTRY--TOPICAL TERM |
| Topical term or geographic name entry element |
Trastornos de personalidad |
| 9 (RLIN) |
1470 |
| 650 14 - SUBJECT ADDED ENTRY--TOPICAL TERM |
| Topical term or geographic name entry element |
Individualidad |
| 9 (RLIN) |
1471 |
| 700 1# - ADDED ENTRY--PERSONAL NAME |
| Personal name |
Pascual, Juan Carlos, |
| Relator term |
coordinador |
| 9 (RLIN) |
1472 |
| 942 ## - ADDED ENTRY ELEMENTS (KOHA) |
| Source of classification or shelving scheme |
Dewey Decimal Classification |
| Koha item type |
Books |